European capitals in Chinese - Statistics

General Stats
  • This quiz has been taken 120 times
  • The average score is 18 of 22
Answer Stats
Hint Answer % Correct
Budapeisi Budapest
98%
Lubueryana Ljubljana
93%
Mosike Moscow
93%
Amusitedan Amsterdam
91%
Dubolin Dublin
91%
Lundun London
91%
Madeli Madrid
88%
Mingsike Minsk
88%
Zageruibu Zagreb
88%
Bolin Berlin
86%
Gebenhagen Copenhagen
86%
Talin Tallinn
86%
Luoma Rome
81%
Dilana Tirana
79%
Bujialesite Bucharest
77%
Sidegeermo Stockholm
77%
Huasha Warsaw
77%
Bali Paris
74%
Jixinawu Chisinau
72%
Jifu Kyiv
67%
Bulage Prague
65%
Shigaobiye Skopje
60%
No matching quizzes found
Score Distribution
Percent of People with Each Score
Percentile by Number Answered
Your Score History
You have not taken this quiz